|
|
|
|
| LEADER |
00000nab a2200000 a 4500 |
| 001 |
vtls000659278 |
| 003 |
SK-MaSNL |
| 005 |
20260304094921.0 |
| 008 |
250425c1998 xo 0 slo |
| 015 |
|
|
|a SNBRA1998/04-11407
|
| 035 |
|
|
|a CLN000011470
|
| 035 |
|
|
|a urn:nbn:sk:snk-abbrrq
|
| 035 |
|
|
|a (urnnbn)urn:nbn:sk:snk:ar-a09uw4
|
| 035 |
|
|
|a (uuid)2eb2da59-0ff8-4d8d-85b8-46cd27cd9168
|
| 040 |
|
|
|a SNKBUCL
|b slo
|c SNKBUCL
|e AACR2
|
| 041 |
0 |
|
|a cze
|
| 044 |
|
|
|a xo
|c SK
|
| 080 |
|
|
|a 519.6:510.22(048)
|2 1997
|
| 080 |
|
|
|a 510.22(048)
|2 1997
|
| 100 |
1 |
|
|a Kropáč, Oldřich
|4 aut
|9 523209
|
| 245 |
1 |
0 |
|a W. Pedrysz: Fuzzy sets engineering. Boca Raton, FL, CRC Press 1995
|c Oldřich Kropáč
|
| 650 |
0 |
7 |
|a fuzzy množiny
|2 snkbucl
|9 945
|
| 655 |
|
7 |
|a recenzie
|2 snkbucl
|9 21907
|
| 773 |
0 |
|
|t Strojnícky časopis
|g Roč. 49, č. 2 (1998), s. 154-156
|x 0039-2472
|
| 787 |
0 |
8 |
|i Rec.:
|a Pedrysz, W.
|t Fuzzy sets engineering
|d Boca Raton : FL, CRC Press, 1995
|
| 850 |
|
|
|a Slovenská národná knižnica
|
| 852 |
|
|
|a Slovenská národná knižnica
|
| 958 |
|
|
|a article15
|
| 958 |
|
|
|a RC
|
| 958 |
|
|
|a OND
|
| 958 |
|
|
|a EUIPO
|
| 999 |
|
|
|c 2829662
|d 2831592
|